| 000 | 00395nam a2200145 4500 | ||
|---|---|---|---|
| 001 | 115984 | ||
| 003 | ES-MaACL | ||
| 007 | t| | ||
| 008 | 061121s1902 sp r ||||1| spa d | ||
| 100 | 1 |
_aOrtiz de Pinedo, Adelardo. _987602 |
|
| 245 | 1 | 3 |
_aLa sima _b: novela / _cAdelardo Ortiz de Pinedo. |
| 260 |
_aMadrid : _bRicardo Fe, _c1902. |
||
| 300 |
_a234 p. ; _c18 cm. |
||
| 852 |
_aES-MaACL _jG-10951 |
||
| 999 |
_c115984 _d115984 |
||